<?xml version="1.0" encoding="UTF-8"?>
<collection xmlns="http://www.loc.gov/MARC21/slim">
 <record>
  <leader>01708nam a2200217Ia 4500</leader>
  <controlfield tag="001">CTU_19980</controlfield>
  <controlfield tag="008">210402s9999    xx            000 0 und d</controlfield>
  <datafield tag="082" ind1=" " ind2=" ">
   <subfield code="a">909.82</subfield>
  </datafield>
  <datafield tag="082" ind1=" " ind2=" ">
   <subfield code="b">A734</subfield>
  </datafield>
  <datafield tag="100" ind1=" " ind2=" ">
   <subfield code="a">Arms, Thomas S</subfield>
  </datafield>
  <datafield tag="245" ind1=" " ind2="0">
   <subfield code="a">Encyclopedia of the Cold War: A comprehensive reference to the international power struggle that dominated world politics for almost 50 years</subfield>
  </datafield>
  <datafield tag="245" ind1=" " ind2="0">
   <subfield code="c">Thomas S Arms</subfield>
  </datafield>
  <datafield tag="260" ind1=" " ind2=" ">
   <subfield code="a">New York</subfield>
  </datafield>
  <datafield tag="260" ind1=" " ind2=" ">
   <subfield code="b">Facts on File</subfield>
  </datafield>
  <datafield tag="260" ind1=" " ind2=" ">
   <subfield code="c">1994</subfield>
  </datafield>
  <datafield tag="520" ind1=" " ind2=" ">
   <subfield code="a">This book is a comprehensive A-to-Z reference to the nearly 50 years of this historical era. It covers the political, military and economic aspects of the struggle, with particular attention to the events of the late 1940s and 1950s that did so much to determine the fate of nations in the decades to come. It also deals with the effects of the Cold War on the domestic politics of the United States - and vice versa - and of other countries. From Roosevelt and Staline to Bush and Gorbachev, from the Marshall Plan and the imposition of Stalinism in Eastern Europe to the European Union and the collapse of the Communist bloc; from Italy to Korea to Suez to the Congo to VietNam to Afghanistan to Yugoslavia; from the Berlin Airlift to Star Wars, the book chronicles the significant terms, events, places, institutions and individuals in the long history of this immense, complex global conflict. In nearly 700 lucid and succinct entries, this book provides an ideal introduction and useful ready reference to the history of our time</subfield>
  </datafield>
  <datafield tag="650" ind1=" " ind2=" ">
   <subfield code="a">cold war,world politics</subfield>
  </datafield>
  <datafield tag="650" ind1=" " ind2=" ">
   <subfield code="x">encyclopedias,encyclopedias</subfield>
  </datafield>
  <datafield tag="650" ind1=" " ind2=" ">
   <subfield code="y">1945</subfield>
  </datafield>
  <datafield tag="904" ind1=" " ind2=" ">
   <subfield code="i">Minh, 971129</subfield>
  </datafield>
  <datafield tag="980" ind1=" " ind2=" ">
   <subfield code="a">Trung tâm Học liệu Trường Đại học Cần Thơ</subfield>
  </datafield>
 </record>
</collection>
